Atrybuty pirata - Statystyki

Ogólne statystyki
  • Ten quiz został rozwiązany 32 razy
  • Średni wynik to 4 z 6
Statystyki odpowiedzi
Odpowiedź % Poprawnych
opaska
95%
hak
77%
papuga
77%
szabla
68%
statek
64%
chusta
14%
Nie znaleziono quizów pasujących do podanych kryteriów
Rozkład punktacji
Procent ludzi z każdym wynikiem
Percentyl według liczby udzielonych odpowiedzi
Twoja historia wyników
Nie rozwiązałeś tego quizu